The astronauts / (Record no. 113356)
[ view plain ]
| 000 -LEADER | |
|---|---|
| fixed length control field | 00668nam a2200193 a 4500 |
| 001 - CONTROL NUMBER | |
| control field | 1837 |
| 005 - DATE AND TIME OF LATEST TRANSACTION | |
| control field | 20140414132015.0 |
| 008 - FIXED-LENGTH DATA ELEMENTS--GENERAL INFORMATION | |
| fixed length control field | 010418s19uu xx 00 eng d |
| 020 ## - INTERNATIONAL STANDARD BOOK NUMBER | |
| International Standard Book Number | 0-394-83901-3 |
| 050 ## - LIBRARY OF CONGRESS CALL NUMBER | |
| Classification number | TR |
| Item number | AS8 1978 |
| 100 ## - MAIN ENTRY--PERSONAL NAME | |
| Personal name | Moche, Dinah L. |
| 245 ## - TITLE STATEMENT | |
| Title | The astronauts / |
| Statement of responsibility, etc | by Dinah L. Moche. |
| 260 ## - PUBLICATION, DISTRIBUTION, ETC. (IMPRINT) | |
| Place of publication, distribution, etc | New York : |
| Name of publisher, distributor, etc | Random House, |
| Date of publication, distribution, etc | 1978. |
| 300 ## - PHYSICAL DESCRIPTION | |
| Extent | 1 v. p. ; cm. |
| 520 ## - SUMMARY, ETC. | |
| Summary, etc | Describes various craft in space such as spaceship and space station and discusses activities of astronauts as they prepare for and travel in space. |
| 650 ## - SUBJECT ADDED ENTRY--TOPICAL TERM | |
| Topical term or geographic name as entry element | Astronautics - Juvenile literature. |
| 650 ## - SUBJECT ADDED ENTRY--TOPICAL TERM | |
| Topical term or geographic name as entry element | Astronauts - Juvenile literature. |
| Withdrawn status | Lost status | Damaged status | Use restrictions | Home library | Current library | Shelving location | Date acquired | Source of acquisition | Cost, normal purchase price | Total Checkouts | Full call number | Barcode | Date last seen | Price effective from | Koha item type |
|---|---|---|---|---|---|---|---|---|---|---|---|---|---|---|---|
| Munich Library | Munich Library | Teachers Reference Section | 12/23/2004 | 54.00 | TR AS8 1978 | M4911 | 04/14/2014 | 04/14/2014 | Books |